Statistiken für Die 10 Länder mit dem größten GDP in der EU

Klicken Sie hier um das Quiz zu spielen!

Allgemein

  • Dieses Quiz wurde 136 mal gespielt
  • Das Durchschnittsergebnis liegt bei 9 aus 10

Antwortstatistiken

GDP in Millionen US-DollarLand% Korrekt
3.684.816Deutschland
100%
2.583.560Frankreich
100%
1.937.894Italien
98%
1.313.951Spanien
98%
2.624.529Vereinigtes Königreich
97%
524.886Polen
95%
416.845Österreich
92%
538.575Schweden
91%
825.745Niederlande
88%
494.733Belgien
86%

Verteilung der Resultate

Perzentil nach korrekt beantworteten Fragen

Anzahl Personen mit jedem Resultat

Ihre Resultats-Entwicklung

Sie haben dieses Quiz noch nicht gespielt